000 00341nam a2200145Ia 4500
008 150201s2012 xx 000 0 und d
082 _a610
_bC12S
100 _aSIDHU, GURSARAN
245 _aCLINICAL MEDICINE UPDATE-15
250 _a1ST
260 _bIACM
_aDELHI
_c2012
300 _a1-312
650 _aGENERAL MEDICINE
942 _2ddc
_cBK
999 _c1734
_d1734